Manažment ubytovacej prevádzky hotela

Salvato in:
Dettagli Bibliografici
Autore principale: Patúš, Peter
Altri autori: Gúčik, Marián
Natura: Libro
Lingua:slovacco
Pubblicazione: Banská Bystrica Slovensko-švajčiarske združenie pre rozvoj cestovného ruchu 2005
Serie:Knižnica cestovného ruchu 8
Soggetti:
Tags: Aggiungi Tag
Nessun Tag, puoi essere il primo ad aggiungerne!!

MARC

LEADER 00000nam$a2200000$$$4500
001 0056700
005 20240314091222.4
020 |a 80-88945-81-X 
041 0 |a slo 
044 |a SK 
245 1 0 |a Manažment ubytovacej prevádzky hotela  |c Peter Patúš, Marian Gúčik 
264 1 |a Banská Bystrica  |b Slovensko-švajčiarske združenie pre rozvoj cestovného ruchu  |c 2005 
300 |a 125 s. 
490 1 |a Knižnica cestovného ruchu  |v 8 
830 0 |a Knižnica cestovného ruchu  |v 8 
610 2 0 |a hotely 
610 2 0 |a hotelierstvo 
610 2 0 |a prevádzky 
610 2 0 |a ubytovanie 
610 2 0 |a riadenie 
610 2 0 |a manažment 
610 2 0 |a ruch cestovný 
610 2 0 |a služby 
100 1 |a Patúš, Peter 
700 1 |a Gúčik, Marián